000
00267nam a22001217a 4500
008
210226b ||||| |||| 00| 0 eng d
041
_a
eng
080
_2
4th
_a
159.9
100
_a
48
101
_a
PSI
245
_a
Signs and Symptoms
_c
Macbryde,M.C
942
_2
udc
_c
BK
999
_c
55298
_d
55298